| 000 | 01664nam a2200337 a 4500 | ||
|---|---|---|---|
| 001 | ebr10309970 | ||
| 003 | CaPaEBR | ||
| 006 | m u | ||
| 007 | cr cn||||||||| | ||
| 008 | 091006s2009 dcua sb 000 0deng d | ||
| 020 | _z9780309116664 | ||
| 020 | _z030911666X | ||
| 040 |
_aCaPaEBR _cCaPaEBR |
||
| 035 | _a(OCoLC)435816449 | ||
| 050 | 1 | 4 |
_aR850 _b.V46 2009eb |
| 245 | 0 | 0 |
_aVenture philanthropy strategies to support translational research _h[electronic resource] : _bworkshop summary / _cSarah Hanson, Lori Nadig, and Bruce Altevogt, rapporteurs ; Forum on Neuroscience and Nervous System Disorders, Board on Health Sciences Policy, Institute of Medicine of the National Academies. |
| 260 |
_aWashington, D.C. : _bNational Academies Press, _c2009. |
||
| 300 |
_axi, 92 p. : _bill. |
||
| 504 | _aIncludes bibliographical references. | ||
| 533 |
_aElectronic reproduction. _bPalo Alto, Calif. : _cebrary, _d2013. _nAvailable via World Wide Web. _nAccess may be limited to ebrary affiliated libraries. |
||
| 650 | 0 |
_aMedicine _xResearch. |
|
| 655 | 7 |
_aElectronic books. _2local |
|
| 700 | 1 | _aHanson, Sarah. | |
| 700 | 1 | _aNadig, Lori. | |
| 700 | 1 | _aAltevogt, Bruce M. | |
| 710 | 2 |
_aInstitute of Medicine (U.S.). _bForum on Neuroscience and Nervous System Disorders. |
|
| 710 | 2 |
_aInstitute of Medicine (U.S.). _bBoard on Health Sciences Policy. |
|
| 710 | 2 |
_aInstitue of Medicine. _bWorkshop on Venture Philanthropy Strategies to Support Translational Research Planning Committee. |
|
| 710 | 2 | _aebrary, Inc. | |
| 856 | 4 | 0 |
_uhttp://site.ebrary.com/lib/rucke/Doc?id=10309970 _zAn electronic book accessible through the World Wide Web; click to view |
| 999 |
_c62664 _d62664 |
||